=LDR 00000nam 2200000 4500 =001 INLIS000000000001442 =005 20130612085839 =008 ***********************************Ind** =035 ##$$0010-061300000001442 =041 ##$$a Ind =082 ##$$a 813 =090 ##$$a 813, Job-p =100 ##$$a JOBRAHIM =245 ##$$a Pasar dalam perspektif Greimas, Drs. Jobrahim =260 ##$$a 1996 $b Yogyakarta =300 ##$$a x, 116 hlm, ilus, 21 cm =650 ##$$a Fiksi - Indonesia =850 ##$$a NBPNMAT